Athribis X

Saved in:

Main Author: Sandra Lippert

Format: Book

Language: Undetermined

Published: Cairo Institut français d'archéologie orientale 2025

Series: Temples Athribis 10

Subjects:

Tags: Add Tag

No Tags, Be the first to tag this record!

Call Number: On Hold

LEADER 00595nam a2200193Ia 4500
005 20260324113530.0
008 260324s9999||||xx |||||||||||||| ||und||
020 |a 9782724710922 
050 4 |a On Hold 
100 0 |a Sandra Lippert 
245 1 0 |a Athribis X  |c Sandra Lippert 
264 1 |a Cairo  |b Institut français d'archéologie orientale  |c 2025 
300 |a 392 Pages  |c 28 cm 
490 0 |a Temples Athribis 10 
650 4 |a Athribis (Egypt)—Antiquities 
650 4 |a Egypt—Antiquities 
650 4 |a Inscriptions (Egyptian) 
650 4 |a Les graffiti et dipinti du spéos de Hout-Répit 
999 |c 61906  |d 61906